Представление документа в формате MARC21

ПолеНазваниеЗначение
  Тип записи a
  Библиографический уровень m
001 Контрольный номер RU/URAIT/587868
005 Дата корректировки 20260429163651.4
008 Кодируемые данные 260429s2026 RU y f j 000 0 rus u
020 Индекс ISBN __
a ISBN 978-5-534-12480-4
c Цена, тираж 2289.00
040 Источник каталогиз. __
a Служба первич. каталог. ИКО Юрайт
c Служба, преобразующая запись ИКО Юрайт
e Правила каталог. RCR
041 Код языка издания __
a Код языка текста rus
044 Код страны публикации __
a Код страны публикации RU
080 Индекс УДК __
a Индекс УДК 008(075.8)
084 Индекс другой классификации/Индекс ББК __
2 Источник индекса rubbk
a Индекс другой классификации/Индекс ББК 71я73
100 Автор __
a Автор Хренов Н. А.
q Полное имя Хренов Николай Андреевич
245 Заглавие __
a Заглавие Субкультурные картины мира в российской цивилизации
b Продолж. заглавия монография для вузов
c Ответственность Н. А. Хренов.
250 Сведения об издании __
g испр. и доп
a Основные сведения об издании 2-е изд.
256 Характеристики компьютерного файла __
a Характеристики компьютерного файла Электрон. дан.
260 Выходные данные __
a Место издания Москва
b Издательство Юрайт
c Дата издания 2026
300 Физическое описание __
a Объем 567 с
440 Серия __
a Серия Актуальные монографии
500 Примечания __
a Примечание URL: https://urait.ru/bcode/587868 (дата обращения: 29.04.2026).
520 Аннотация __
a Аннотация С рубежа XX—XXI вв. в России началась активизация делового человека — так называемого мещанина-предпринимателя, и в настоящее время на наших глазах происходит процесс перехода к новым формам жизни, смена картин мира. В свете этого автор представленной монографии, используя существующие методы выделения психологических типов личности, предлагает свою типологию и с точки зрения характерологии народа анализирует отечественную традиционную культуру и происходящие в ней процессы, выявляет картины мира, характерные для пассионария и лиминария.
538 Прим. о системных особенностях __
a Прим. о системных особенностях Режим доступа: Электронно-библиотечная система Юрайт, для авториз. пользователей
653 Ключевые слова __
a Ключевые слова Культура. Культурология
653 Ключевые слова __
a Ключевые слова Гуманитарные науки
653 Ключевые слова __
a Ключевые слова Теория и история культуры повседневности России
653 Ключевые слова __
a Ключевые слова Этнокультурные особенности народов мира
653 Ключевые слова __
a Ключевые слова Культура повседневности России
653 Ключевые слова __
a Ключевые слова Культурологические концепции в российском гуманитарном знании
653 Ключевые слова __
a Ключевые слова Общинные основы российской цивилизации
653 Ключевые слова __
a Ключевые слова Российская цивилизация: основные проблемы и динамика развития
653 Ключевые слова __
a Ключевые слова Российская цивилизация: основные проблемы и динамика развития (социокультурный аспект)
653 Ключевые слова __
a Ключевые слова Социология и культурология
653 Ключевые слова __
a Ключевые слова Введение в культурологию и этнокультурологию
653 Ключевые слова __
a Ключевые слова Актуальные проблемы искусствоведения
653 Ключевые слова __
a Ключевые слова Актуальные проблемы культурологии
653 Ключевые слова __
a Ключевые слова Актуальные проблемы философии, этики и религиоведения
653 Ключевые слова __
a Ключевые слова Российская цивилизация
653 Ключевые слова __
a Ключевые слова Истоки русской этнокультурной идентичности
653 Ключевые слова __
a Ключевые слова Современные концепции российской цивилизации
653 Ключевые слова __
a Ключевые слова Философия русской культуры
653 Ключевые слова __
a Ключевые слова Теория и история культуры повседневности
653 Ключевые слова __
a Ключевые слова Русский культурный архетип
856 Электронный адрес документа 40
n Местонахождение сервера Юрайт
g Электронная книга
q Тип электронного формата html
h Имя пользователя ЮРАЙТ
v Часы доступа к ресурсу 20271231
2 Способ доступа Показать документ
x Служебное примечание https://urait.ru/book/cover/A9D6C446-EBAF-4FA5-9112-BA4FEAF9338E
u URL https://urait.ru/bcode/587868
856 Электронный адрес документа 48
q Тип электронного формата cover
u URL https://urait.ru/book/cover/A9D6C446-EBAF-4FA5-9112-BA4FEAF9338E
911 __
u 0030=https://urait.ru/bcode/587868
911 __
u 073a=9785534124804
u 073d=2289.00
911 __
u 106a=s
911 __
u 900l=
952 Тип литературы __
i Дисциплина Теория и история культуры повседневности России
952 Тип литературы __
i Дисциплина Этнокультурные особенности народов мира
952 Тип литературы __
i Дисциплина Культура повседневности России
952 Тип литературы __
i Дисциплина Культурологические концепции в российском гуманитарном знании
952 Тип литературы __
i Дисциплина Общинные основы российской цивилизации
952 Тип литературы __
i Дисциплина Российская цивилизация: основные проблемы и динамика развития
952 Тип литературы __
i Дисциплина Российская цивилизация: основные проблемы и динамика развития (социокультурный аспект)
952 Тип литературы __
i Дисциплина Социология и культурология
952 Тип литературы __
i Дисциплина Введение в культурологию и этнокультурологию
952 Тип литературы __
i Дисциплина Актуальные проблемы искусствоведения
952 Тип литературы __
i Дисциплина Актуальные проблемы культурологии
952 Тип литературы __
i Дисциплина Актуальные проблемы философии, этики и религиоведения
952 Тип литературы __
i Дисциплина Российская цивилизация
952 Тип литературы __
i Дисциплина Истоки русской этнокультурной идентичности
952 Тип литературы __
i Дисциплина Современные концепции российской цивилизации
952 Тип литературы __
i Дисциплина Философия русской культуры
952 Тип литературы __
i Дисциплина Теория и история культуры повседневности
952 Тип литературы __
i Дисциплина Русский культурный архетип